000 00603nam a2200157 a 4500
008 120416s1924 ||||||||||||||||| || u
050 _aHC 246 Kno
100 _aKnowles, Lilian Charlotte Anne (Tomm)
245 1 0 _aEconomic development of the British Overseas Empire
260 _aLondon
_bGeorge Routledge
_c1924
300 _axv, 555p. : ill.
350 _a0.00
650 0 _aECONOMIC DEVELOPMENT--DEVELOPING COUNTRIES
650 0 _aECONOMICS
995 _D0.00
_FCBU-MAIN LIBRARY (Kitwe)
_H1
_I0.00
_M1
_UAVAILABLE
_ZAnnex Low-Usage Collection
999 _c40809
_d40809